Statistics for Fallout New Vegas Characters

Click here to take the quiz!

General Stats

  • This quiz has been taken 244 times
  • The average score is 10 of 13

Answer Stats

HintAnswer% Correct
Shot you and left you for deadBenny
100%
Runs the stripMr House
90%
Dug you out of your graveVictor
88%
A reprogrammed securitronYes Man
87%
Leader of The LegionCaesar
85%
An eyebot that can be your companionED-E
82%
Had to mercy kill his wifeBoone
81%
Patched you up after you were shotDoc Mitchell
81%
Teaches you how to shoot a gunSunny Smiles
78%
Known as The Burning ManJoshua Graham
72%
Your characterThe Courier
67%
Caesars right hand manLegate Lanius
63%
Takes over the casino when Benny leaves/diesSwank
47%

Score Distribution

Percentile by Number Answered

Percent of People with Each Score

Your Score History

You have not taken this quiz